| 000 | 00586nam a2200217Ia 4500 | ||
|---|---|---|---|
| 005 | 20230804110842.0 | ||
| 008 | 131103s9999 xx 000 0 und d | ||
| 020 |
_a99478331 _cGBP 4.55 |
||
| 040 | _aLoreto College | ||
| 041 | _aEnglish | ||
| 082 |
_aF _bFOW |
||
| 100 | _aFowles, John | ||
| 245 | 4 |
_aThe French lieutenant's woman _cJohn Fowles |
|
| 260 |
_aLondon _bVintage _c1996(2004 printing) |
||
| 300 |
_a445 p. _b ill. |
||
| 440 | _aVintage classics | ||
| 650 | _aEnglish Fiction | ||
| 651 | _aTriangles(Interpersonal Relation) - Fiction | ||
| 850 | _aLCLIB | ||
| 942 | _cBK | ||
| 999 |
_c6126 _d56605 |
||